000 00515nam a2200217Ia 4500
003 OSt
005 20230428095526.0
008 210423s1953 xx 000 0 und d
020 _a9780141194639
040 _cAL
041 _aeng
082 _a823
_223
_bROCH
100 _aROCHE (Henri-Pierre)
_994542
245 _aJules et jim
260 _bPenguin Books Ltd
_c1953
300 _ax,227
_bPB
365 _b399
_cINR
650 _aEnglish Fiction
_994543
906 _aet ; jim ; Jules
942 _2ddc
_cBK
999 _c161248
_d161248